The 100 Year Starship / (Record no. 4926)
[ view plain ]
| 000 -LEADER | |
|---|---|
| fixed length control field | 01704nam a22002897a 4500 |
| 001 - CONTROL NUMBER | |
| control field | 4926 |
| 003 - CONTROL NUMBER IDENTIFIER | |
| control field | FISKH |
| 005 - DATE AND TIME OF LATEST TRANSACTION | |
| control field | 20241025103641.0 |
| 008 - FIXED-LENGTH DATA ELEMENTS--GENERAL INFORMATION | |
| fixed length control field | 241025b cb ||||| |||| 00| 0 eng d |
| 020 ## - INTERNATIONAL STANDARD BOOK NUMBER | |
| International Standard Book Number | 9780531240601 |
| 040 ## - CATALOGING SOURCE | |
| Original cataloging agency | FISKH |
| Language of cataloging | eng |
| Transcribing agency | FISKH |
| Modifying agency | FISKH |
| 050 ## - LIBRARY OF CONGRESS CALL NUMBER | |
| Classification number | TL793.J46 |
| 082 ## - DEWEY DECIMAL CLASSIFICATION NUMBER | |
| Classification number | 629.45 |
| 100 ## - MAIN ENTRY--PERSONAL NAME | |
| Personal name | Jemison, Mae |
| 245 ## - TITLE STATEMENT | |
| Title | The 100 Year Starship / |
| Statement of responsibility, etc. | by Dr. Mae Jemison |
| 260 ## - PUBLICATION, DISTRIBUTION, ETC. | |
| Place of publication, distribution, etc. | New York : |
| Name of publisher, distributor, etc. | Scholastic ; |
| Date of publication, distribution, etc. | 2013 . |
| 300 ## - PHYSICAL DESCRIPTION | |
| Extent | 48 pges : |
| Other physical details | color illustrations ; |
| Dimensions | 22 cm . |
| 490 ## - SERIES STATEMENT | |
| Series statement | True Books: Dr. Mae Jemison and 100 Year Starship |
| 505 ## - FORMATTED CONTENTS NOTE | |
| Formatted contents note | Z <br/> |
| 520 ## - SUMMARY, ETC. | |
| Summary, etc. | In 1992, Dr. Mae Jemison made history by spending eight days in Earth's orbit, making her the first black woman ever to visit space. Twenty years later, Dr. Jemison is pushing space travel forward again with her 100 Year Starship Foundation. In this new True Book series, readers will join Dr. Jemison as she guides them on a tour of our solar system and explains how astronomers have used technology to discover new stars and planets. Key Features: Engaging text provides insights into space exploration from legendary astronaut Dr. Mae Jemison Timelines illustrate the ways our knowledge of space has changed over time Glossaries explain difficult scientific terms in a way that makes them easy to understand Eye-catching images give readers an up-close look at the far reaches of space Additional content for further learning on this subject available at www.factsfornow.scholastic.com |
| 521 8# - TARGET AUDIENCE NOTE | |
| Target audience note | 900 <br/> |
| Source | Lexile <br/> |
| 521 8# - TARGET AUDIENCE NOTE | |
| Target audience note | Z <br/> |
| Source | Raz-Plus <br/> |
| 650 ## - SUBJECT ADDED ENTRY--TOPICAL TERM | |
| Topical term or geographic name entry element | Interstellar travel |
| Form subdivision | Juvenile fiction |
| 700 ## - ADDED ENTRY--PERSONAL NAME | |
| Personal name | Rau, Dana Meachen |
| Relator term | illustrator |
| 942 ## - ADDED ENTRY ELEMENTS (KOHA) | |
| Source of classification or shelving scheme | Dewey Decimal Classification |
| Koha item type | Books |
| Suppress in OPAC | No |
| Withdrawn status | Lost status | Source of classification or shelving scheme | Damaged status | Not for loan | Collection | Home library | Current library | Shelving location | Date acquired | Total Checkouts | Full call number | Barcode | Date last seen | Price effective from | Koha item type |
|---|---|---|---|---|---|---|---|---|---|---|---|---|---|---|---|
| Dewey Decimal Classification | Non-Fiction | Footprints International School Library Network Toul Kork Campus | Footprints International School Library Network Toul Kork Campus | TTP Secondary Non-Fiction Bookshelves | 10/25/2024 | JEM 629.45 TL793.J46 | FIS01622 | 10/25/2024 | 10/25/2024 | Books |
